| 000 | 01070cam a22003137a 4500 | ||
|---|---|---|---|
| 003 | CHAP | ||
| 005 | 20220817040954.0 | ||
| 008 | 971013s r 00010 d | ||
| 010 | _a3734 | ||
| 011 | _a4706 | ||
| 035 | _a3910 | ||
| 040 | _cCHAP | ||
| 090 | _aR-3245 | ||
| 100 | 0 | 0 |
_aIslam, Nurul. _960579 |
| 245 | 0 |
_aAgricultural exports of developing countries _b: estimates of income and price elasticities of demand and supply |
|
| 500 | _aSobretiro de: Journal of Agricultural Economics 40 (2): 221-231, 1989 | ||
| 590 |
_aBATCH-UPD _b10 _c20130110 _lUCH01 _h1832 |
||
| 590 |
_aBATCH-UPD _b10 _c20130410 _lUCH01 _h1204 |
||
| 590 |
_aBATCH-UPD _b10 _c20130914 _lUCH01 _h1336 |
||
| 590 |
_aCONVERSION _b10 _c20130109 _lUCH01 _h1303 |
||
| 650 | 1 | 4 |
_aAgricultura _xAspectos económicos. |
| 650 | 1 | 4 |
_aExportación e importación. _939074 |
| 650 | 1 | 4 |
_aProductos agrícolas _xMercadeo. _991951 |
| 650 | 1 | 4 |
_aProductos agrícolas _xPrecios. _992004 |
| 700 | 0 |
_aSubramanian, A. _9110154 |
|
| 901 | _aBK | ||
| 942 | _cFOLL | ||
| 949 |
_aR-3245 _bBC _cR _d-13440 _eTS2 _i3910 _mD _si |
||
| 999 |
_c3734 _d3734 |
||